New Love- girl in red - Statistics

General Stats
  • This quiz has been taken 6 times
  • The average score is 130 of 148
Answer Stats
Answer % Correct
about
100%
again
100%
again?
100%
am
100%
and
100%
arms
100%
be
100%
believe
100%
'bout
100%
can
100%
Do
100%
don't
100%
ever
100%
for
100%
harder
100%
head
100%
hear
100%
heels
100%
I
100%
in
100%
it
100%
know
100%
love
100%
makes
100%
me
100%
more
100%
my
100%
My
100%
new
100%
not
100%
Nothing
100%
over
100%
Quitting
100%
sense
100%
she's
100%
Some
100%
someone
100%
Something
100%
tell
100%
than
100%
Than
100%
the
100%
there?
100%
thought
100%
to
100%
wanna
100%
want
100%
was
100%
when
100%
you
100%
You
100%
your
100%
you're
100%
yours
100%
yourself
100%
away
67%
can't
67%
chop
67%
ears
67%
end
67%
her?
67%
How
67%
it'd
67%
leave
67%
like
67%
never
67%
off
67%
own
67%
really
67%
supposed
67%
things
67%
think
67%
walk
67%
because
33%
been
33%
bend
33%
break
33%
but
33%
day
33%
denial,
33%
Desperate
33%
go
33%
heart
33%
hitting
33%
it's
33%
I've
33%
learn
33%
now
33%
waste
33%
Will
33%
won't
33%
No matching quizzes found
Score Distribution
Percent of People with Each Score
Percentile by Number Answered
Your Score History
You have not taken this quiz